000 00905cab a2200301 4500
001 ABS52520
008 090401t1995 xxu||||| |||| 00| 0 eng d
035 _a(Sirsi) u83130
041 _aeng
100 _aLennon, T.
245 _aUnderstanding the risks and role of insurance
260 _c1995
350 _a0
490 _aWaste Planning
_v(14) March 1995, 17-19(3)
520 _aDispels the idea that environmental insurance is not available in the UK, is too expensive or limited by exclusion clauses.
650 _aCONTAMINATED LAND
650 _aENVIRONMENTAL INSURANCE
650 _aENVIRONMENTAL RISKS
650 _aEXCLUSION CLAUSES
650 _aLIABILITY
650 _aPOLLUTION
650 _aPUBLIC LIABILITY POLICIES
650 _aWASTE MANAGEMENT
690 _aENVIRONMENTAL AND LAND CONSULTANCY
690 _aINSURANCE
_96249
942 _n0
948 _c04/03/1997
999 _c52508
_d52508